00956nam a2200289 a 45000010005000000030006000050050017000110080041000280100017000690200015000860200018001010400018001190500013001370820008001501000025001582450085001832600035002683000059003035050007003625200138003695210018005075210018005256500046005436500022005896500022006117000033006336497FISKH20250819155938.0960723s1994 nyua b 000 1 eng  a 96171888  a0590479172 a9780545069311 aDLCcDLCbeng aPZ7.T3 G a8131 aThaler, Mike,d1936-14aThe gym teacher from the Black Lagoon /cby Mike Thaler ; pictures by Jared Lee. aNew York :bScholastic,c1994. a32 unnumbered pages ; bcolor illustrations ; c21 cm  aM  aOn the first day of school, a young boy expects only the worst when he discovers that his new gym teacher is "Coach Kong," Mr. Green. a530 bLexile  aM bRaz-Plus  1aPhysical education and trainingxFiction. 1aSchoolsxFiction. 1aHumorous stories.1 aLee, Jared D.,eillustrator